000 00563nam a22001931a 4500
001 2923
003 OSt
005 20260204211831.0
008 040429s2002||||dr ||||||b||||||||||spa||
050 _aRD 341 R618d
082 _aRD 341 R618d
100 _aRodríguez Cabrer, Miguel Antonio
245 _aDefiniciones notas y apuntes en el derecho internacional público / Miguel Antonio Rodríguez Cabrer
264 _aSanto Domingo : Centenario
300 _a74 p
500 _aIncluye indice
650 _a1.Derecho Internacional PúblicoÌ
942 _2ddc
_cBK
999 _c2923
_d2923